Statistics for Difficult Geography Quiz #2

Click here to take the quiz!

General Stats

  • This quiz has been taken 33 times
  • The average score is 6 of 15

Answer Stats

Question/Hint:Answer:% Correct
White sea is located near the coast of which country?Russia
81%
Lomé is the capital of which country?Togo
81%
Which volcano erupted in Iceland in 2010?Eyjafjallajökull
74%
Name an island in Croatia without any vowels.Krk
65%
Name the gulf south of Yemen.Aden
61%
Which is the only country located in all 4 hemispheres?Kiribati
55%
Which strait connects the Persian gulf and the gulf of Oman?Hormuz
45%
Which is the World's largest dam in terms of reservoir volume?Aswan
39%
Which is the southernmost city in the World, according to Argentina?Ushuaia
39%
Which is the World's northernmost settlement with a population greater than 1000 people?Longyearbyen
32%
Name a country in Europe that suffered from 3 earthquakes with over 7.0 magnitude in the first decade of the 20th centry (modern day territories, only earthquakes that happened in Europe).Bulgaria
26%
Which is the largest lake in Kyrgyzstan?Issyk-Kul
10%
Which famous tourist destination is located near Denzili, Türkiye?Pamukkale
10%
Which is the southernmost city in the World, according to Chile?Puerto Williams
6%
What is the Russian name of the Big Diomede island?Ratmanov
3%

Score Distribution

Percentile by Number Answered

Percent of People with Each Score

Your Score History

You have not taken this quiz